[Event "XLI Rilton Cup 2011-12"]
[Site "Stockholm SWE"]
[Date "2012.01.01"]
[Round "5"]
[Board "1"]
[White "Cicak, Slavko"]
[Black "Shimanov, Aleksandr"]
[Result "1/2-1/2"]
[WhiteTitle "GM"]
[BlackTitle "GM"]
[WhiteElo "2566"]
[BlackElo "2549"]
[WhiteFideId "1700588"]
[BlackFideId "4198603"]
[EventDate "2011.12.27"]

1. d4 d5 2. c4 c6 3. Nf3 Bg4 4. e3 Nf6 5. Be2 e6 6. b3 Be7 7. Bb2 Nbd7 8. Nbd2
O-O 9. O-O a6 10. Ne5 Bxe2 11. Qxe2 Bb4 12. Nxd7 Nxd7 13. Nf3 f5 14. a3 Ba5 15.
b4 Bc7 16. Ne5 1/2-1/2

[Event "XLI Rilton Cup 2011-12"]
[Site "Stockholm SWE"]
[Date "2012.01.01"]
[Round "5"]
[Board "2"]
[White "Gajewski, Grzegorz"]
[Black "Smith, Axel"]
[Result "1-0"]
[WhiteTitle "GM"]
[BlackTitle "IM"]
[WhiteElo "2616"]
[BlackElo "2480"]
[WhiteFideId "1116207"]
[BlackFideId "1707930"]
[EventDate "2011.12.27"]

1. d4 Nf6 2. c4 g6 3. Nf3 d5 4. cxd5 Nxd5 5. e3 Bg7 6. Bc4 O-O 7. Nc3 Nxc3 8.
bxc3 c5 9. O-O Nc6 10. Ba3 cxd4 11. cxd4 b6 12. Rc1 Bb7 13. Qe2 Rc8 14. Rfd1 Rc7
15. Ne5 Qc8 16. Nxc6 Bxc6 17. Bb3 Bb7 18. h3 Rd8 19. Rxc7 Qxc7 20. Rc1 Qd7 21.
Qc4 e6 22. Qc7 Bf8 23. Bxf8 Kxf8 24. Bxe6 fxe6 25. Qf4+ Kg8 26. Rc7 Qe8 27. Rxb7
Rd7 28. Qb8 Qxb8 29. Rxb8+ Kf7 30. Rc8 e5 31. dxe5 Rd1+ 32. Kh2 Rd2 33. f4 Rxa2
34. Rc7+ Ke6 35. Rxh7 a5 36. Rg7 b5 37. Rxg6+ Kd5 38. Rd6+ Kc5 39. Rd3 b4 40. e6
Ra3 41. Rxa3 bxa3 42. e7 a2 43. e8=Q a1=Q 44. Qe7+ Kd5 45. e4+ Kc4 46. Qe5 Qxe5
47. fxe5 Kc5 48. h4 a4 49. h5 a3 50. h6 a2 51. h7 a1=Q 52. h8=Q Qd4 53. Qc8+ Kb4
54. Qb7+ Kc3 55. Qc6+ Kb2 56. Qb7+ Kc1 57. Qc8+ Kb1 58. Qf5 Qd8 59. e6 Qh8+ 60.
Kg3 Qg7+ 61. Kf3 Qc3+ 62. Kg4 Qg7+ 63. Qg5 Qd4 64. Kf5 Qc5+ 65. Kg6 Qc6 66. Kf7
Qc4 67. Qf5 Ka1 68. g4 Qc7+ 69. e7 Qc4+ 70. Kf8 Qb4 71. g5 Qa3 72. Qf6+ 1-0

[Event "XLI Rilton Cup 2011-12"]
[Site "Stockholm SWE"]
[Date "2012.01.01"]
[Round "5"]
[Board "4"]
[White "Solak, Dragan"]
[Black "Bakre, Tejas"]
[Result "1-0"]
[WhiteTitle "GM"]
[BlackTitle "GM"]
[WhiteElo "2629"]
[BlackElo "2509"]
[WhiteFideId "916811"]
[BlackFideId "5004195"]
[EventDate "2011.12.27"]

1. e4 e5 2. Nf3 Nc6 3. Bb5 a6 4. Bxc6 dxc6 5. O-O Qf6 6. d4 exd4 7. Bg5 Qd6 8.
Nxd4 Bd7 9. Nc3 Qg6 10. Qd2 Be7 11. Bxe7 Nxe7 12. Nf3 Bh3 13. Ne1 Rd8 14. Qf4
Rd6 15. Rd1 Qg4 16. Qe3 Rxd1 17. Nxd1 Qxd1 18. Qxh3 O-O 19. Qd3 Qxd3 20. Nxd3 a5
21. g4 Rd8 22. f3 f6 23. Kf2 c5 24. Ke3 b6 25. h4 Kf7 26. Rd1 Nc6 27. c3 a4 28.
Nf2 Rd6 29. f4 Na5 30. Nd3 Nc4+ 31. Ke2 Re6 32. Kf3 Rd6 33. Ke2 Re6 34. Kf3 Rd6
35. e5 fxe5 36. b3 axb3 37. axb3 Na5 38. Nxe5+ Ke7 39. Ra1 Nc6 40. Nxc6+ Rxc6
41. Re1+ Kf7 42. Rd1 Ke7 43. f5 g6 44. Kf4 gxf5 45. Kxf5 Rf6+ 46. Kg5 Rg6+ 47.
Kh5 Re6 48. g5 Re4 49. c4 Rf4 50. Rh1 Kf7 51. Kh6 Kg8 52. h5 Rd4 53. Re1 Rd6+
54. g6 hxg6 55. hxg6 Rd8 56. Re7 Rc8 57. Rg7+ Kh8 58. Rh7+ Kg8 59. g7 Kf7 60.
Rh8 Rg8 61. Rxg8 Kxg8 62. Kg6 c6 63. Kf6 b5 64. Ke6 bxc4 65. bxc4 Kxg7 66. Kd6 1-0

[Event "XLI Rilton Cup 2011-12"]
[Site "Stockholm SWE"]
[Date "2012.01.01"]
[Round "5"]
[Board "5"]
[White "Nithander, Victor"]
[Black "L'Ami, Erwin"]
[Result "0-1"]
[WhiteTitle "IM"]
[BlackTitle "GM"]
[WhiteElo "2423"]
[BlackElo "2594"]
[WhiteFideId "1707833"]
[BlackFideId "1007998"]
[EventDate "2011.12.27"]

1. c4 Nf6 2. b3 g6 3. Bb2 Bg7 4. Nf3 c6 5. g3 O-O 6. Bg2 d5 7. O-O Bg4 8. d3
Bxf3 9. exf3 e6 10. Nd2 Nfd7 11. Bxg7 Kxg7 12. f4 a5 13. Nf3 Na6 14. Qe2 a4 15.
b4 a3 16. Rab1 Qf6 17. Qe3 Rfd8 18. c5 d4 19. Qd2 Nc7 20. Rfe1 Nb5 21. h4 Nc3
22. Rb3 Ra4 23. Bh3 b6 24. cxb6 c5 25. Ne5 cxb4 26. Nxd7 Rxd7 27. Qc2 Ra6 28.
Rxb4 Rb7 29. Qb3 Qd8 30. h5 Rbxb6 31. Rxb6 Qxb6 32. Qc4 Qd6 33. Bg2 Ra5 34. hxg6
hxg6 35. Bf3 Qc5 36. Qxc5 Rxc5 37. Ra1 Rb5 38. Bd1 Rb2 39. Bb3 Kf6 40. Bc4 Nb1
41. Kg2 Ke7 42. g4 Kd6 43. f5 g5 44. fxe6 fxe6 45. Kg3 e5 46. Bf7 e4 47. Bg6 Nc3
48. Bxe4 Rxa2 49. Rh1 Rb2 50. Bg6 Ke7 51. Rh7+ Kf6 52. Ra7 Kxg6 53. Ra6+ Kf7 54.
Rxa3 Rd2 55. Ra5 Rxd3+ 56. Kg2 Kf6 0-1

[Event "XLI Rilton Cup 2011-12"]
[Site "Stockholm SWE"]
[Date "2012.01.01"]
[Round "5"]
[Board "7"]
[White "Leer-Salvesen, Bjarte"]
[Black "Tikkanen, Hans"]
[Result "0-1"]
[WhiteTitle "IM"]
[BlackTitle "GM"]
[WhiteElo "2380"]
[BlackElo "2586"]
[WhiteFideId "1501496"]
[BlackFideId "1706446"]
[EventDate "2011.12.27"]

1. c4 Nf6 2. g3 d5 3. cxd5 Nxd5 4. Nc3 Nb6 5. Bg2 g6 6. d3 Bg7 7. Be3 Nc6 8. Nf3
O-O 9. Qd2 Re8 10. Bh6 Bh8 11. h4 e5 12. h5 Nd4 13. hxg6 hxg6 14. Nxd4 exd4 15.
Ne4 Nd5 16. Rc1 c6 17. Rc5 Re6 18. Ng5 Re5 19. Ne4 f6 20. Bf4 Nxf4 21. Qxf4 Bg7
22. Rxe5 fxe5 23. Qg5 Bf5 24. Qxd8+ Rxd8 25. Bf3 Bf8 26. g4 Be6 27. g5 Kg7 28.
Nf6 Bb4+ 29. Kd1 Rh8 30. Rxh8 Kxh8 31. a3 Be7 32. Bg4 Bb3+ 33. Ke1 Bxf6 34. gxf6
Kg8 35. Bc8 b6 36. Bd7 c5 37. Be8 Bf7 38. Bc6 Be6 39. Be8 Bf5 40. Kd2 Kf8 41.
Bb5 Kf7 42. f3 Kxf6 43. Kc2 Ke7 44. Bc4 Be6 45. Bb5 Bd7 46. Bc4 Bc6 47. Ba2 g5
48. Bc4 Kf6 49. Kd2 Kf5 50. Ba6 Kf4 51. Bc4 Kg3 52. Ke1 Bxf3 53. exf3 Kxf3 54.
Be6 g4 55. b3 g3 56. Kf1 Ke3 57. Bc4 e4 58. dxe4 Kxe4 59. Ke2 g2 60. Bd3+ Kf4
61. Kf2 g1=Q+ 62. Kxg1 Ke3 63. Bc4 d3 64. Kf1 d2 65. Be2 b5 66. Bd1 Kd3 67. Kf2
a5 68. a4 bxa4 69. bxa4 c4 70. Bg4 Kc2 71. Ke3 c3 72. Kd4 Kb2 0-1

[Event "XLI Rilton Cup 2011-12"]
[Site "Stockholm SWE"]
[Date "2012.01.01"]
[Round "5"]
[Board "8"]
[White "Denisov, Ivan"]
[Black "Berczes, David"]
[Result "1/2-1/2"]
[BlackTitle "GM"]
[WhiteElo "2348"]
[BlackElo "2555"]
[WhiteFideId "24119466"]
[BlackFideId "722960"]
[EventDate "2011.12.27"]

1. e4 e5 2. Nf3 Nc6 3. Bb5 a6 4. Bxc6 dxc6 5. O-O Bg4 6. d3 Bd6 7. Be3 Ne7 8.
Nbd2 c5 9. h3 Bh5 10. c3 Nc6 11. Qb3 f6 12. a3 Bf7 13. Qc2 O-O 14. Rad1 Qe7 15.
Nc4 Rac8 16. Bc1 Rfd8 17. Ne3 Qe6 18. Nh4 Rd7 19. Qe2 Rcd8 20. Nhf5 Bf8 21. Nd5
Kh8 22. Qf3 Qe8 23. Nfe3 Na7 24. Qe2 Nc8 25. c4 c6 26. Nc3 b5 27. b3 Nd6 28. Ng4
Be6 29. f4 exf4 30. Bxf4 Nf7 31. Nf2 Rb7 32. Rb1 Qd7 33. Qe3 Qd4 34. Ne2 Qxe3
35. Bxe3 Ne5 36. Nf4 Bf7 37. Rfd1 Rdb8 38. Ra1 bxc4 39. bxc4 Rb3 40. Bc1 Rd8 41.
Bd2 Rdb8 42. Ba5 Rb2 43. Bc3 Rc2 44. Rdc1 Rxc1+ 45. Rxc1 Bd6 46. Ne2 Rb3 47. a4
h5 48. Kf1 Bc7 49. Ke1 Ng6 50. g3 h4 51. gxh4 Nf4 52. Kd2 Nxe2 53. Kxe2 Bf4 54.
Rc2 Bg3 55. Ng4 Bxh4 56. Bd2 Bg3 57. Bc1 Rb1 58. Ba3 Bd6 59. Rb2 Ra1 60. Rb3 Bh5
61. d4 Ra2+ 62. Kd3 Kh7 63. Bxc5 Bxc5 64. dxc5 Rxa4 65. Rb7 Kg6 66. Ne3 Ra3+ 67.
Kd2 Bf3 68. Re7 Ra2+ 69. Nc2 Rb2 70. Kc3 Rb1 71. Nd4 Rc1+ 72. Kb4 Bg2 73. Nf5
Bxh3 74. Rxg7+ Kh5 75. Rh7+ Kg4 76. Rh4+ Kf3 77. Rxh3+ Kxe4 78. Ne7 f5 79. Nxc6
f4 80. Ne7 f3 81. Rh2 Kd3 82. c6 Rxc4+ 83. Ka5 Rc1 84. Kb6 a5 85. Nd5 a4 86.
Nb4+ Ke4 87. Nc2 Rb1+ 88. Ka7 Rb3 89. Rh4+ Ke5 90. c7 Rc3 91. Kb7 Rxc2 92. Rxa4
f2 93. Ra1 Ke4 94. c8=Q 1/2-1/2

[Event "XLI Rilton Cup 2011-12"]
[Site "Stockholm SWE"]
[Date "2012.01.01"]
[Round "5"]
[Board "9"]
[White "Ivanov, Sergey"]
[Black "Akesson, Ralf"]
[Result "1/2-1/2"]
[WhiteTitle "GM"]
[BlackTitle "GM"]
[WhiteElo "2537"]
[BlackElo "2421"]
[WhiteFideId "4101375"]
[BlackFideId "1700120"]
[EventDate "2011.12.27"]

1. d4 d5 2. c4 e6 3. Nc3 Be7 4. Nf3 Nf6 5. Bg5 O-O 6. Qc2 Nbd7 7. Rd1 h6 8. Bh4
c6 9. e3 b6 10. Bd3 Bb7 11. O-O Nh7 12. Bxe7 Qxe7 13. Rfe1 Nhf6 14. e4 dxe4 15.
Nxe4 Nxe4 16. Bxe4 Rfd8 17. Ne5 Nxe5 18. dxe5 c5 19. Rd6 Rxd6 20. exd6 Qd7 21.
Rd1 Rd8 22. b3 f6 23. h4 Kf7 24. h5 Bc6 25. f4 f5 26. Bxc6 Qxc6 27. Qc3 Rd7 28.
Kf2 Kf8 29. Rd2 a5 30. a4 Kg8 31. Qf3 Qxf3+ 32. Kxf3 Kf7 33. g4 Kf6 34. Rd1 Rd8
35. gxf5 exf5 36. Rg1 Rxd6 37. Rg6+ Ke7 38. Rxg7+ Kf8 39. Rg3 Rd3+ 40. Kf2 Rxg3
41. Kxg3 Kg7 1/2-1/2

[Event "XLI Rilton Cup 2011-12"]
[Site "Stockholm SWE"]
[Date "2012.01.01"]
[Round "5"]
[Board "12"]
[White "Bellon Lopez, Juan Manuel"]
[Black "Berggren, Jonatan"]
[Result "1-0"]
[WhiteTitle "GM"]
[WhiteElo "2419"]
[BlackElo "2150"]
[WhiteFideId "2200031"]
[BlackFideId "1701762"]
[EventDate "2011.12.27"]

1. d4 Nf6 2. Bf4 e6 3. e3 c5 4. c3 Nc6 5. Nd2 d5 6. Ngf3 Bd6 7. Bg3 Qe7 8. Bb5
O-O 9. O-O Nd7 10. e4 Bxg3 11. hxg3 a6 12. Bxc6 bxc6 13. Qa4 Bb7 14. Qa3 Rfe8
15. Rac1 a5 16. Rfe1 cxd4 17. Qxe7 Rxe7 18. cxd4 Ree8 19. Re3 Kf8 20. Rb3 Ra7
21. Ne1 Ba8 22. f4 Rb8 23. Rxb8+ Nxb8 24. exd5 exd5 25. Nd3 Bb7 26. Rc3 Nd7 27.
Ra3 Nb6 28. Nc5 Bc8 29. Na4 Nxa4 30. Rxa4 Bf5 31. b4 Ke7 32. bxa5 Kd6 33. Nb3
Bc2 34. Kf2 Ra8 35. g4 h6 36. Ke2 Rb8 37. Ra3 Bxb3 38. axb3 c5 39. a6 Kc6 40. a7
Ra8 41. Kd3 Kb5 42. dxc5 Kxc5 43. Ra4 g6 44. g5 hxg5 45. fxg5 d4 46. Ra1 1-0

[Event "XLI Rilton Cup 2011-12"]
[Site "Stockholm SWE"]
[Date "2012.01.01"]
[Round "5"]
[Board "13"]
[White "Von Bahr, Oskar"]
[Black "Lindberg, Bengt"]
[Result "0-1"]
[BlackTitle "IM"]
[WhiteElo "2284"]
[BlackElo "2415"]
[WhiteFideId "1703250"]
[BlackFideId "1700359"]
[EventDate "2011.12.27"]

1. c4 Nf6 2. g3 c6 3. Nf3 d5 4. Bg2 dxc4 5. O-O Be6 6. Na3 Qd5 7. Qc2 Nbd7 8.
Re1 g6 9. e4 Qc5 10. d4 cxd3 11. Qxd3 Ng4 12. Qe2 Bg7 13. Ng5 Bd4 14. Rf1 Qe5
15. Nc2 Bb6 16. Bf4 Qxb2 17. Nxe6 fxe6 18. Qxg4 Qxc2 19. Qxe6 Rf8 20. Bh3 Nc5
21. Qg4 Rd8 22. Rad1 Rxd1 23. Rxd1 Qxe4 24. Bg2 Qe6 25. Qh4 Qe2 26. Rf1 h5 27.
Qg5 Rf6 28. Be3 Ne6 29. Qe5 Bxe3 30. fxe3 Kf7 31. a4 Qd2 32. a5 Rxf1+ 33. Bxf1
Qc1 34. Kf2 Qc5 35. Qb2 b6 36. a6 b5 37. Qh8 Nf8 38. Bg2 Qc2+ 39. Kf1 Qd1+ 40.
Kf2 Qd2+ 41. Kf3 Qd5+ 42. Kf2 Qa2+ 43. Kg1 Qxa6 44. Qc3 Qb6 45. Bxc6 a6 46. Kf2
Nh7 47. Bd5+ e6 48. Bf3 Nf6 49. h3 b4 50. Qd3 a5 51. Bd1 Qc5 52. Ke2 Qd5 53. Qa6
Ne4 0-1

[Event "XLI Rilton Cup 2011-12"]
[Site "Stockholm SWE"]
[Date "2012.01.01"]
[Round "5"]
[Board "14"]
[White "Johansson, Linus"]
[Black "Westerberg, Jonathan"]
[Result "1/2-1/2"]
[BlackTitle "FM"]
[WhiteElo "2197"]
[BlackElo "2321"]
[WhiteFideId "1711113"]
[BlackFideId "1701754"]
[EventDate "2011.12.27"]

1. d4 e6 2. Nf3 f5 3. g3 b6 4. Bg2 Bb7 5. O-O Nf6 6. c4 Be7 7. d5 Qc8 8. Nc3 O-O
9. e4 Nxe4 10. Nxe4 fxe4 11. Ng5 Bxg5 12. Bxg5 exd5 13. cxd5 Qe8 14. Qd4 Qh5 15.
Be7 Rf5 16. Bxe4 Bxd5 17. Rad1 Bxe4 18. Qxe4 Qf3 19. Qc4+ Rf7 20. Ba3 d6 21.
Bxd6 cxd6 22. Rxd6 h6 23. Rd8+ Kh7 24. Qc2+ Qf5 25. Qxf5+ Rxf5 26. Re1 Ra5 27.
a3 Rb5 28. h4 Kg6 29. Re2 Rb3 30. Kg2 a5 1/2-1/2

[Event "XLI Rilton Cup 2011-12"]
[Site "Stockholm SWE"]
[Date "2012.01.01"]
[Round "5"]
[Board "15"]
[White "Cramling, Pia"]
[Black "De Filomeno, Simone"]
[Result "1/2-1/2"]
[WhiteTitle "GM"]
[BlackTitle "FM"]
[WhiteElo "2495"]
[BlackElo "2299"]
[WhiteFideId "1700030"]
[BlackFideId "828688"]
[EventDate "2011.12.27"]

1. d4 d5 2. Nf3 Nf6 3. c4 c6 4. Nc3 e6 5. Bg5 dxc4 6. a4 Bb4 7. e4 Bxc3+ 8. bxc3
Qa5 9. e5 Ne4 10. Bd2 Nxd2 11. Qxd2 c5 12. Bxc4 cxd4 13. cxd4 Qxd2+ 14. Kxd2 Ke7
15. Rhc1 Nc6 16. Rab1 Rb8 17. Ke3 Rd8 18. Bd3 Bd7 19. Rc5 b6 20. Rcc1 a5 21. Bb5
Nb4 22. Bxd7 Rxd7 23. Rc4 b5 24. axb5 Rxb5 25. Kd2 f6 26. exf6+ gxf6 27. g3 Kd6
28. Ne1 Rdb7 29. Rc8 Nc6 30. Rxb5 Rxb5 31. Nc2 a4 32. Ra8 Na5 33. Na3 Rb3 34.
Ra6+ Kc7 35. Rxa5 Rxa3 36. d5 Ra2+ 37. Ke3 exd5 38. Rxd5 a3 39. Ra5 Kb6 40. Ra8
Kc5 41. g4 Kb4 42. Rb8+ Kc3 43. Rc8+ Kb3 44. Rb8+ Kc2 45. Ra8 Ra1 46. Ra7 Re1+
47. Kf4 Kb2 48. Rb7+ Ka1 49. Rxh7 a2 50. Kf5 Kb2 51. Ra7 a1=Q 52. Rxa1 Rxa1 53.
Kxf6 Kc3 54. g5 Kd4 55. g6 Rf1 56. h4 Rxf2+ 57. Ke6 Re2+ 58. Kf6 Rf2+ 59. Ke6
Re2+ 60. Kf6 Rf2+ 1/2-1/2

[Event "XLI Rilton Cup 2011-12"]
[Site "Stockholm SWE"]
[Date "2012.01.01"]
[Round "5"]
[Board "16"]
[White "Byklum, Bjornar"]
[Black "Semcesen, Daniel"]
[Result "1/2-1/2"]
[WhiteTitle "FM"]
[BlackTitle "IM"]
[WhiteElo "2252"]
[BlackElo "2490"]
[WhiteFideId "1502123"]
[BlackFideId "1706993"]
[EventDate "2011.12.27"]

1. d4 f5 2. Nc3 Nf6 3. Bg5 d5 4. Bxf6 exf6 5. e3 Be6 6. Bd3 Qd7 7. Nge2 Nc6 8.
a3 Ne7 9. b3 g6 10. Na4 b6 11. c4 c6 12. Nac3 Bh6 13. O-O O-O 14. Qd2 Rfd8 15.
cxd5 Nxd5 16. Bc4 Rac8 17. Rfd1 Kh8 18. Nxd5 Bxd5 19. Rac1 Qe7 20. Bxd5 Rxd5 21.
b4 Rd6 22. g3 1/2-1/2

[Event "XLI Rilton Cup 2011-12"]
[Site "Stockholm SWE"]
[Date "2012.01.01"]
[Round "5"]
[Board "17"]
[White "Villegas, Pierre"]
[Black "Fries-Nielsen, Jens Ove"]
[Result "1/2-1/2"]
[BlackTitle "IM"]
[WhiteElo "2249"]
[BlackElo "2387"]
[WhiteFideId "654183"]
[BlackFideId "1400142"]
[EventDate "2011.12.27"]

1. d4 d5 2. c4 e6 3. Nc3 Nc6 4. Nf3 a6 5. e4 dxe4 6. Nxe4 Nge7 7. Nc3 Nf5 8. d5
exd5 9. cxd5 Nce7 10. a4 Ng6 11. Bc4 Bd6 12. O-O O-O 13. Bg5 Be7 14. Bxe7 Qxe7
15. Re1 Qc5 16. Qb3 Nd6 17. Bf1 Bf5 18. Rac1 Qa5 19. Nd2 Rae8 20. Nc4 Nxc4 21.
Qxc4 Qb6 22. b4 Qd6 23. a5 Ne5 24. Qf4 Bd3 25. Rcd1 Bxf1 26. Kxf1 f5 27. Re2 Qf6
28. Qd4 Ng4 29. Qxf6 Nxf6 30. f3 Rd8 31. Re5 g6 32. Na4 c6 33. Nc3 cxd5 34. Nxd5
Kg7 35. Ne3 Rxd1+ 36. Nxd1 Rd8 37. Nc3 Kf7 38. Ke2 1/2-1/2

[Event "XLI Rilton Cup 2011-12"]
[Site "Stockholm SWE"]
[Date "2012.01.01"]
[Round "5"]
[Board "18"]
[White "Ask, Josef"]
[Black "Furhoff, Johan"]
[Result "0-1"]
[BlackTitle "IM"]
[WhiteElo "2207"]
[BlackElo "2370"]
[WhiteFideId "1704583"]
[BlackFideId "1701797"]
[EventDate "2011.12.27"]

1. c4 e5 2. Nc3 Nc6 3. Nf3 f5 4. d4 e4 5. d5 exf3 6. dxc6 fxg2 7. cxd7+ Qxd7 8.
Qxd7+ Bxd7 9. Bxg2 O-O-O 10. Bg5 Be7 11. Bxe7 Nxe7 12. O-O-O Bc6 13. Bxc6 Nxc6
14. Rxd8+ Rxd8 15. Nd5 Rd7 16. b3 Nd4 17. Re1 c6 18. Nc3 Kd8 19. Rg1 Ke8 20. Rg3
Kf7 21. e3 Ne6 22. h4 Nc5 23. Rf3 Kf6 24. Kc2 Nd3 25. Kb1 Ne1 26. Rh3 Rd2 27. f4
Rd3 28. Na4 b6 29. Nb2 Rc3 30. Nd1 Rc2 31. e4 Rd2 32. Nc3 Nd3 33. exf5 Nxf4 34.
Rg3 Rd3 35. Rg4 Kxf5 36. Rg5+ Ke6 37. Kc2 Rd7 38. Rg4 Nd3 39. Rg3 Nb4+ 40. Kb2
Kf5 41. a3 Nd3+ 42. Kc2 Ne1+ 43. Kc1 h6 44. h5 Nd3+ 45. Kc2 Nf4 0-1

[Event "XLI Rilton Cup 2011-12"]
[Site "Stockholm SWE"]
[Date "2012.01.01"]
[Round "5"]
[Board "19"]
[White "Sagit, Rauan"]
[Black "Glimbrant, Torbjorn"]
[Result "1-0"]
[WhiteTitle "FM"]
[WhiteElo "2368"]
[BlackElo "2250"]
[WhiteFideId "1708376"]
[BlackFideId "1700995"]
[EventDate "2011.12.27"]

1. e4 e6 2. d4 d5 3. Nc3 Nf6 4. Bg5 dxe4 5. Nxe4 Nbd7 6. Nf3 h6 7. Nxf6+ Nxf6 8.
Bh4 Be7 9. Be2 O-O 10. O-O b6 11. c3 Bb7 12. Ne5 Nd7 13. Nxd7 Qxd7 14. Bxe7 Qxe7
15. Bf3 Bxf3 16. Qxf3 c5 17. Rad1 Rad8 18. dxc5 Qxc5 19. Qe2 Qa5 20. Qc4 Rc8 21.
Qb3 Rfd8 22. g3 g6 23. a3 Qh5 24. Qc2 Qf3 25. Qc1 Kg7 26. Rd2 Rxd2 27. Qxd2 Rc5
28. Qd1 Qf5 29. Qd4+ Kh7 30. Qd7 a5 31. Rd1 Re5 32. Qb7 Rb5 33. b4 axb4 34. cxb4
h5 35. h3 Kg7 36. Qd7 g5 37. Qc6 Kg6 38. Kg2 Kg7 39. Rd2 Kg6 40. Rd8 g4 41. hxg4
hxg4 42. Rg8+ Kf6 43. Rxg4 Qxg4 44. Qxb5 Qe4+ 45. Kh2 Qh7+ 46. Kg1 Qb1+ 47. Qf1
Qe4 48. Qc1 Kf5 49. Qc7 Kg4 50. Qxf7 b5 51. Qf6 Qe1+ 52. Kg2 Qe2 53. Qg6# 1-0

[Event "XLI Rilton Cup 2011-12"]
[Site "Stockholm SWE"]
[Date "2012.01.01"]
[Round "5"]
[Board "20"]
[White "L'Ami, Alina"]
[Black "Holving, Rasmus"]
[Result "1-0"]
[WhiteTitle "WGM"]
[WhiteElo "2364"]
[BlackElo "2221"]
[WhiteFideId "1210246"]
[BlackFideId "1703145"]
[EventDate "2011.12.27"]

1. d4 Nf6 2. c4 e6 3. Nf3 b6 4. g3 Ba6 5. b3 b5 6. cxb5 Bxb5 7. Bg2 c5 8. Ne5 d5
9. Nc3 cxd4 10. Qxd4 Nc6 11. Nxc6 Bxc6 12. O-O Qa5 13. Bd2 Bc5 14. Qd3 Qb6 15.
b4 Bd4 16. b5 Bxc3 17. Qxc3 Bxb5 18. Rab1 Qc6 19. Qb4 a6 20. Rfc1 Qd7 21. Bf4
Rc8 22. Rxc8+ Qxc8 23. Rc1 Qd8 24. a4 Bd7 25. Rc7 Ng8 26. Rb7 Ne7 27. Bc7 Nc6
28. Qb6 Qc8 29. Bd6 f5 30. e3 1-0

[Event "XLI Rilton Cup 2011-12"]
[Site "Stockholm SWE"]
[Date "2012.01.01"]
[Round "5"]
[Board "21"]
[White "Lundin, Jan"]
[Black "Arjun, Bharat"]
[Result "1-0"]
[WhiteTitle "FM"]
[BlackTitle "CM"]
[WhiteElo "2314"]
[BlackElo "2178"]
[WhiteFideId "1706896"]
[BlackFideId "5032725"]
[EventDate "2011.12.27"]

1. d4 d5 2. Nc3 c6 3. e4 dxe4 4. Nxe4 Bf5 5. Ng3 Bg6 6. h4 h6 7. Nf3 Nd7 8. h5
Bh7 9. Bd3 Bxd3 10. Qxd3 e6 11. Bd2 Ngf6 12. O-O-O Be7 13. Ne4 Nxe4 14. Qxe4 Nf6
15. Qd3 O-O 16. g4 Nxg4 17. Rhg1 f5 18. Qe2 Qc8 19. Ne5 Nxe5 20. dxe5 Kh7 21.
Rg6 Re8 22. Qe3 Bf8 23. Qg3 Qc7 24. Rg1 Qf7 25. Bb4 Re7 26. Bxe7 Qxe7 27. Rxh6+ 1-0

[Event "XLI Rilton Cup 2011-12"]
[Site "Stockholm SWE"]
[Date "2012.01.01"]
[Round "5"]
[Board "22"]
[White "Malmdin, Nils-Ake"]
[Black "Kenneskog, Theodor"]
[Result "1/2-1/2"]
[WhiteTitle "FM"]
[WhiteElo "2308"]
[BlackElo "2123"]
[WhiteFideId "1701584"]
[BlackFideId "1715011"]
[EventDate "2011.12.27"]

1. e4 c5 2. Nf3 d6 3. d4 cxd4 4. Qxd4 Nc6 5. Bb5 Bd7 6. Bxc6 Bxc6 7. Nc3 Nf6 8.
Bg5 e6 9. O-O-O Be7 10. Rhe1 O-O 11. Qd2 Qc7 12. Nd4 Rab8 13. f3 b5 14. Bxf6
Bxf6 15. Nxc6 Qxc6 16. Qxd6 Qc4 17. Qd3 Bxc3 18. Qxc4 Bxb2+ 19. Kxb2 bxc4+ 20.
Kc3 Rb6 21. Rd4 Ra6 22. Rxc4 Rxa2 23. Rb1 h5 24. Rc7 g6 25. Kd4 a5 26. Kc3 1/2-1/2

[Event "XLI Rilton Cup 2011-12"]
[Site "Stockholm SWE"]
[Date "2012.01.01"]
[Round "5"]
[Board "23"]
[White "Olund, Joar"]
[Black "Arman, Deniz"]
[Result "1/2-1/2"]
[BlackTitle "FM"]
[WhiteElo "2141"]
[BlackElo "2304"]
[WhiteFideId "1714848"]
[BlackFideId "6302106"]
[EventDate "2011.12.27"]

1. d4 Nf6 2. c4 c5 3. d5 b5 4. cxb5 a6 5. b6 d6 6. e4 Nbd7 7. Nc3 g6 8. Be2 Bg7
9. Nf3 O-O 10. h3 a5 11. Bf4 Qxb6 12. Qc2 Ba6 13. O-O Rfb8 14. Bxa6 Qxa6 15. Bh2
Ne8 16. Rab1 Nc7 17. Rfe1 Bxc3 18. Qxc3 Rb4 19. Qd2 f6 20. Re3 Rab8 21. Nh4 Qc4
22. b3 Qd4 23. Qe2 c4 24. Rd1 Qc5 25. bxc4 Rxc4 26. Bf4 Rc1 27. Rg3 Rxd1+ 28.
Qxd1 Nf8 29. Bh6 Rb2 30. Re3 Nb5 31. Qg4 Kf7 32. Bxf8 Kxf8 33. Nxg6+ hxg6 34.
Qxg6 Nd4 35. Qh5 e5 36. Kh2 Qc1 37. Qh8+ Kf7 38. Qh7+ Kf8 39. Qd7 Rxf2 40. Qd8+
Kf7 41. Qd7+ Kf8 42. Qd8+ Kf7 43. Qd7+ Kf8 44. Qd8+ Kf7 1/2-1/2

[Event "XLI Rilton Cup 2011-12"]
[Site "Stockholm SWE"]
[Date "2012.01.01"]
[Round "5"]
[Board "24"]
[White "Rydstrom, Tom"]
[Black "Codenotti, Marco"]
[Result "0-1"]
[BlackTitle "FM"]
[WhiteElo "1939"]
[BlackElo "2293"]
[WhiteFideId "1714830"]
[BlackFideId "800015"]
[EventDate "2011.12.27"]

1. e4 c5 2. Nf3 d6 3. d4 cxd4 4. Nxd4 Nf6 5. Nc3 a6 6. Bg5 Nbd7 7. Qf3 Qa5 8.
Bd2 Qb6 9. Nb3 g6 10. Be2 Bg7 11. O-O Qc7 12. Rae1 O-O 13. Qg3 b5 14. a3 Bb7 15.
Qh4 Rab8 16. Bd3 Ne5 17. Bh6 Bxh6 18. Qxh6 Nc4 19. Nd1 a5 20. Bxc4 bxc4 21. Nd2
c3 22. bxc3 Ba6 23. c4 Bxc4 24. Nxc4 Qxc4 25. Qd2 Qc5 26. Re3 Rfc8 27. Qc3 Rb7
28. f3 Qxc3 29. Nxc3 Rbc7 30. Nd5 Nxd5 31. exd5 Rxc2 32. Rf2 Kf8 33. Rxc2 Rxc2
34. Rd3 Ra2 35. h3 Ke8 36. Kh2 Kd7 37. Kg3 g5 38. Kh2 h5 39. Kg3 h4+ 40. Kh2 e6
41. dxe6+ Kxe6 42. Re3+ Kd5 43. Rd3+ Kc5 44. f4 gxf4 45. Rf3 d5 46. Rxf4 d4 47.
Rf5+ Kc4 48. Rxa5 d3 49. Ra7 d2 0-1

[Event "XLI Rilton Cup 2011-12"]
[Site "Stockholm SWE"]
[Date "2012.01.01"]
[Round "5"]
[Board "26"]
[White "Johansson, Gunnar"]
[Black "Rasmussen, Allan Stig"]
[Result "0-1"]
[BlackTitle "GM"]
[WhiteElo "2238"]
[BlackElo "2541"]
[WhiteFideId "1703501"]
[BlackFideId "1406000"]
[EventDate "2011.12.27"]

1. d4 Nf6 2. c4 e6 3. Nc3 Bb4 4. Qc2 c5 5. dxc5 Nc6 6. Nf3 O-O 7. a3 Bxc5 8. Bg5
h6 9. Bh4 Be7 10. e3 b6 11. Be2 Bb7 12. O-O Rc8 13. Rfd1 a6 14. Rac1 d6 15. b4
Nb8 16. Qd3 Qc7 17. Bxf6 gxf6 18. Nd4 Kh8 19. e4 Rg8 20. Qh3 Bf8 21. Qh4 Qe7 22.
Bf1 Nd7 23. f4 Rc7 24. Re1 Bg7 25. Nce2 Bxe4 26. Ng3 Bh7 27. f5 Ne5 28. Nh5 Nc6
29. Nxc6 Rxc6 30. Bd3 b5 31. cxb5 Rxc1 32. Rxc1 axb5 33. Qf2 Qb7 34. Re1 e5 35.
Qe2 Qa7+ 36. Kh1 Qxa3 37. Bxb5 Bxf5 38. Bc4 Bg6 39. Nxg7 Kxg7 40. b5 Rc8 41. h3
Rc5 0-1